000
00221nam a22000857a 4500
008
160914b xxu||||| |||| 00| 0 eng d
100
_9
438
_a
Dey S
245
_a
Business Studies-XII
260
_a
New Delhi
_b
Geeta publication
_c
2015
999
_c
3097
_d
3097